Implementación de Norma de certificación internacional RSPO versión 2018 y modelo de cadena de suministro IP para planta extractora, aplicada a los productores de Aceite de Palma
El estudio presenta una Propuesta a la Gerencia Corporativa Implementar la norma de Certificación internacional RSPO, basado en la estructura de los Principios y Criterios de la RSPO y la cadena de suministro bajo el modelo de Identidad Preservada (IP) en la Planta extractora Agroservicios El Triun...
| Main Author: | |
|---|---|
| Other Authors: | |
| Format: | Tesis Section = Libro |
| Language: | Undetermined Spanish |
| Published: |
Managua
UNI
2021
|
| Subjects: |
| LEADER | 01268nam a2200277Ia 4500 | ||
|---|---|---|---|
| 008 | 240830s9999 xx 000 0 und d | ||
| 040 | |a BIBLIOTECA-RUPAP/ Mon 665.3 M829 | ||
| 041 | |a spa | ||
| 082 | |a Mon 665.3 M829 | ||
| 100 | 1 | |a Morán López, Edgar Antonio | |
| 245 | 1 | 0 | |a Implementación de Norma de certificación internacional RSPO versión 2018 y modelo de cadena de suministro IP para planta extractora, aplicada a los productores de Aceite de Palma |
| 260 | |a Managua |b UNI |c 2021 | ||
| 300 | |a 125 p. :il. | ||
| 500 | |a Contiene: anexos y CD. | ||
| 502 | |a Tesis (Ingeniero Industrial) - UNI, 2021. | ||
| 520 | 3 | |a El estudio presenta una Propuesta a la Gerencia Corporativa Implementar la norma de Certificación internacional RSPO, basado en la estructura de los Principios y Criterios de la RSPO y la cadena de suministro bajo el modelo de Identidad Preservada (IP) en la Planta extractora Agroservicios El Triunfo, S.A | |
| 650 | 7 | |a ACEITE DE PALMA-CERTIFICADO RSPO | |
| 650 | 7 | |b ACEITE DE PALMA-PRODUCCION | |
| 650 | 7 | |c NORMA RSPO | |
| 650 | 7 | |d CALIDAD DEL PRODUCTO | |
| 650 | 7 | |e NORMA INTERNACIONAL RSPO | |
| 650 | 7 | |f MANUFACTURA | |
| 700 | 1 | |a Tutor: |b José Gaitán, Narciso Rafael | |
| 942 | |c BK |2 ddc | ||
| 991 | |a TESIS | ||
| 999 | |c 18956 | ||